000 00324nam a2200133Ia 4500
008 230312s9999||||xx |||||||||||||| ||und||
082 _a744
_bPAR-F
100 _aParkinson, A.C.
245 0 _aEngineering Drawing
300 _a190
546 _aEng.
650 _aEngineering
_vGraphic Language , Keys and Cotters
942 _cBK
999 _c141
_d141